Computer Systems Architecture (Record no. 23806)
[ view plain ]
| 000 -LEADER | |
|---|---|
| fixed length control field | 00312nam a22001097a 4500 |
| 008 - FIXED-LENGTH DATA ELEMENTS--GENERAL INFORMATION | |
| fixed length control field | 140124b xxu||||| |||| 00| 0 eng d |
| 010 ## - LIBRARY OF CONGRESS CONTROL NUMBER | |
| LC control number | 7927039 |
| 020 ## - INTERNATIONAL STANDARD BOOK NUMBER | |
| International Standard Book Number | 9114894153 |
| Terms of availability | Available |
| 082 ## - DEWEY DECIMAL CLASSIFICATION NUMBER | |
| Classification number | 621.38BAE |
| Author Mark | 001105 |
| 245 ## - TITLE STATEMENT | |
| Title | Computer Systems Architecture |
| Statement of responsibility, etc. | Baer Jean Loup |
| 260 ## - PUBLICATION, DISTRIBUTION, ETC. | |
| Place of publication, distribution, etc. | USA |
| Name of publisher, distributor, etc. | Computer Science Press |
| Date of publication, distribution, etc. | 1980 |
| Withdrawn status | Lost status | Source of classification or shelving scheme | Damaged status | Not for loan | Permanent Location | Current Location | Shelving location | Date acquired | Total Checkouts | Full call number | Barcode | Date last seen | Price effective from | Koha item type |
|---|---|---|---|---|---|---|---|---|---|---|---|---|---|---|
| School of Interdisciplinary Engineering and Sciences (SINES) | School of Interdisciplinary Engineering and Sciences (SINES) | General Stacks | 01/24/2014 | 621.38BAE | RCMS001105 | 01/24/2014 | 01/24/2014 | Book |
